Statistiques concernant Pays avec les plus grands pourcentages de surface forestière

Cliquez ici pour prendre le quiz!

Statistiques générales

  • Ce quiz a été pris 55 fois
  • Le résultat moyen est 3 sur 10

Statistiques - réponses

PourcentagesPays% Correct
74,9Suède
64%
90,2Suriname
57%
85Gabon
43%
71,98Bélize
25%
89,74Micronésie
21%
87,15Palaos
21%
89,12Tuvalu
17%
78Mozambique
13%
89,45Seychelles
13%
78 à 80Iles Salomon
11%

Distribution des résultats

Percentile par nombre de réponses

% des personnes avec chaque résultat

Votre développement - résultats

Vous n’avez pas pris ce quiz